000 00306nam a22001217a 4500
999 _c534149
_d534149
040 _cMSOHAIL
082 _a891.43909
100 _aSajjad Zaheer / سجاد ظہیر
_928295
245 _aRoshnai / روشنائی
260 _aKarachi
_bZakki Sons Printers
_cc2005
300 _a364;p
942 _2ddc
_cBK